Régimen recursivo en la reforma de la Ley de Procedimiento Tributario (Registro nro. 34807)
[ vista simple ]
| 000 -LEADER | |
|---|---|
| fixed length control field | 00335 a2200109 4500 |
| 001 - CONTROL NUMBER | |
| control field | ART_45193 |
| 005 - DATE AND TIME OF LATEST TRANSACTION | |
| control field | 20260410162040.0 |
| 008 - FIXED-LENGTH DATA ELEMENTS--GENERAL INFORMATION | |
| fixed length control field | 260409a |
| 100 1# - MAIN ENTRY--PERSONAL NAME | |
| Personal name | Diez, Fernando |
| 245 10 - TITLE STATEMENT | |
| Title | Régimen recursivo en la reforma de la Ley de Procedimiento Tributario |
| 773 0# - HOST ITEM ENTRY | |
| Title | Impuestos |
| Related parts | - Nº 20 (ene. 2018) |
| Record control number | REV45175 |
No hay ítems disponibles.